| 000 | 004260000a22001690004500 | ||
|---|---|---|---|
| 003 | MACL | ||
| 005 | 20151226163656.0 | ||
| 008 | 151226b xxu||||| |||| 00| 0 eng d | ||
| 040 |
_aMACL _cMACL |
||
| 041 | _aEnglish | ||
| 082 | _a403/JAS | ||
| 100 |
_aJaschke, H A _922986 |
||
| 245 | _aA Tibetan English Dictionary | ||
| 260 |
_bRoutledge & Kegan Paul Ltd _c1949 |
||
| 650 |
_aDictionary _922987 |
||
| 942 |
_cBK _k403/JAS _2ddc |
||
| 999 |
_c39678 _d39678 |
||